LEADER 00784nam0 2200241 450 001 000013895 005 20080702103638.0 100 $a20080702d1968----km-y0itay50------ba 101 0 $aita 102 $aIT 105 $ay-------001yy 200 1 $aSicurezza e insicurezza sociale$fGiovanni Berlinguer 210 $aRoma$cLeonardo edizioni scientifiche$d1968 215 $a607 p.$d25 cm 610 1 $aSicurezza sociale$aItalia$aSec. 20. 676 $a614$v16$9Sanità pubblica, medicina preventiva 676 $a614$v17$9Sanità pubblica, medicina preventiva 700 1$aBerlinguer,$bGiovanni$03600 801 0$aIT$bUNIPARTHENOPE$c20080702$gRICA$2UNIMARC 912 $a000013895 951 $a322/19$b2926$cNAVA2 996 $aSicurezza e insicurezza sociale$9501513 997 $aUNIPARTHENOPE